|
|
|
|
| LEADER |
02760nam a2200469 4500 |
| 001 |
on1033529323 |
| 003 |
OCoLC |
| 005 |
20200326101153.0 |
| 006 |
m o d |
| 007 |
cr |n||||||||| |
| 008 |
180429s2018 mau ob 000 0 eng d |
| 040 |
|
|
|a YDX
|b eng
|c YDX
|d OCLCQ
|d N$T
|d OPELS
|d D6H
|d OCLCF
|d UPM
|d NLE
|d AU@
|d UWO
|d SFB
|d GrThAP
|
| 066 |
|
|
|c (S
|
| 019 |
|
|
|a 1032724508
|a 1033560348
|a 1036754202
|
| 020 |
|
|
|a 9780128137758
|q (electronic bk.)
|
| 020 |
|
|
|a 0128137754
|q (electronic bk.)
|
| 020 |
|
|
|a 0128137746
|
| 020 |
|
|
|a 9780128137741
|
| 035 |
|
|
|a (OCoLC)1033529323
|z (OCoLC)1032724508
|z (OCoLC)1033560348
|z (OCoLC)1036754202
|
| 050 |
|
4 |
|a QH573
|b .I5 2018 v. 339eb
|
| 072 |
|
7 |
|a SCI
|x 056000
|2 bisacsh
|
| 082 |
0 |
4 |
|a 571.6
|2 23
|
| 245 |
0 |
0 |
|a G protein-coupled receptors: emerging paradigms in activation, signaling and regulation.
|p Part B /
|c edited by Arun K. Shukla.
|
| 250 |
|
|
|a First edition.
|
| 264 |
|
1 |
|a Cambridge, MA ;
|a San Diego, CA :
|b Academic Press is an imprint of Elsevier,
|c 2018.
|
| 300 |
|
|
|a 1 online resource
|
| 336 |
|
|
|a text
|b txt
|2 rdacontent
|
| 337 |
|
|
|a computer
|b c
|2 rdamedia
|
| 338 |
|
|
|a online resource
|b cr
|2 rdacarrier
|
| 490 |
1 |
|
|a International review of cell and molecular biology ;
|v volume 339
|
| 504 |
|
|
|a Includes bibliographical references.
|
| 520 |
|
|
|a International Review of Cell and Molecular Biology reviews and details current advances in cell and molecular biology. The IRCMB series has a worldwide readership, maintaining a high standard by publishing invited articles on important and timely topics that are authored by prominent cell and molecular biologists. The articles published in IRCMB have a high impact and an average cited half-life of 9 years. This great resource ranks high amongst scientific journals dealing with cell biology.
|
| 650 |
|
0 |
|a G proteins
|x Receptors.
|
| 650 |
|
7 |
|a SCIENCE / Life Sciences / Biochemistry.
|2 bisacsh
|
| 650 |
|
7 |
|a SCIENCE / Life Sciences / Anatomy & Physiology.
|2 bisacsh
|
| 650 |
|
7 |
|a G proteins
|x Receptors.
|2 fast
|0 (OCoLC)fst00936832
|
| 655 |
|
4 |
|a Electronic books.
|
| 700 |
1 |
|
|a Shukla, Arun K.,
|e editor.
|
| 776 |
0 |
8 |
|i Print version:
|z 0128137746
|z 9780128137741
|w (OCoLC)1000599576
|
| 830 |
|
0 |
|a International review of cell and molecular biology ;
|v v. 339 (2018)
|
| 856 |
4 |
0 |
|3 ScienceDirect
|u https://www.sciencedirect.com/science/bookseries/19376448/339
|z Full Text via HEAL-Link
|
| 880 |
0 |
|
|6 505-00
|a Blurring Boundaries: Receptor Tyrosine Kinases as functional G Protein-Coupled Receptors Biased Agonism/Antagonism of Cardiovascular GPCRs for Heart Failure Therapy G Protein-Coupled Receptor Resensitization Paradigms Advances in Membrane Trafficking and Endosomal Signaling of G Protein-Coupled Receptors Regulation of G Protein βγ Signaling
|